Vista normal
Vista MARC
Entrada Topical Term
Número de registros utilizados en: 2
001 - CONTROL NUMBER
- control field: 39904
003 - CONTROL NUMBER IDENTIFIER
- control field: OSt
005 - DATE AND TIME OF LATEST TRANSACTION
- control field: 20230915232124.0
008 - FIXED-LENGTH DATA ELEMENTS
- fixed length control field: 230915|| aca||aabn | a|a d
040 ## - CATALOGING SOURCE
- Original cataloging agency: OSt
- Transcribing agency: OSt
150 ## - HEADING--TOPICAL TERM
- Topical term or geographic name entry element: MASACRES - SEGOVIA (ANTIOQUIA, COLOMBIA), 1996
670 ## - SOURCE DATA FOUND
- Source citation: Work cat.: (OSt)23348: Comisión Nacional de Reparación y Reconciliación (Colombia). Grupo de Memoria Histórica 39902, Silenciar la democracia : , 2010